Statystyki dla Maksymalny zasięg terytorialny Polski

Kliknij tutaj aby rozwiązać quiz!

Ogólne statystyki

  • Ten quiz został rozwiązany 150 razy
  • Średni wynik to 11 z 12

Statystyki odpowiedzi

Jaka częśćOdpowiedź% Poprawnych
WiększośćSłowacja
99%
Całość państwaŁotwa
98%
Niewielki terenRosja
98%
Mniej więcej połowaEstonia
97%
Całość państwaLitwa
97%
Całość państwaBiałoruś
96%
Mniej więcej połowaCzechy
96%
Niewielki terenNiemcy
96%
WiększośćUkraina
96%
WiększośćMołdawia
84%
Niewielki terenRumunia
84%
Całość państwaPolska
83%

Rozkład punktacji

Percentyl według liczby udzielonych odpowiedzi

Procent ludzi z każdym wynikiem

Twoja historia wyników

Nie rozwiązałeś tego quizu